000 00595nam a2200181Ia 4500
008 151202s9999||||xx |||||||||||||| ||und||
082 _bPNVM-39933
100 _aगोखले हरि सखाराम.
245 _aकांहींतरी.
260 _b"व्हीनस प्रकाशन,पुणे."
260 _c1963
300 _a146
600 _aगोखले हरि सखाराम.
630 _aकांहींतरी.
700 _aगोखले हरि सखाराम.
730 _aकांहींतरी.
942 _cBOOK
999 _c1305885
_d1305882